[Event "ch-IRI 2012"]
[Site "Zahedan IRI"]
[Date "2012.12.15"]
[Round "11.7"]
[White "Bakhtiari Kish,M"]
[Black "Vaghar,M"]
[Result "0-1"]
[WhiteElo "2162"]
[BlackElo "2225"]

1.Nf3 d5 2.g3 g6 3.Bg2 Bg7 4.d3 e5 5.c4 c6 6.cxd5 cxd5 7.Bg5 Ne7 8.Nc3 Be6
9.O-O f6 10.Bd2 Nbc6 11.Na4 b6 12.b4 Qd7 13.Rc1 O-O 14.e3 Rfc8 15.a3 Nd8
16.Re1 Rxc1 17.Bxc1 Rc8 18.Bb2 Nf7 19.Nc3 g5 20.Ne2 Ng6 21.Nd2 g4 22.Qb1 a5
23.Rc1 Rb8 24.Ba1 axb4 25.axb4 Bf8 26.b5 Nd6 27.Rc6 Ne7 28.Rc3 Qxb5 29.Rb3 Qa6
30.Bb2 Nb7 31.Bxe5 fxe5 32.Rxb6 Qa5 33.Qb2 Bf7 34.Nc3 Rc8 35.Nxd5 Nxd5 36.Rb5 Rc2
37.Rxa5 Rxb2  0-1

[Event "SportAccord Blitz Men 2012"]
[Site "Beijing CHN"]
[Date "2012.12.16"]
[Round "6.3"]
[White "Nakamura,Hi"]
[Black "Leko,P"]
[Result "1-0"]
[WhiteElo "2760"]
[BlackElo "2732"]

1.g3 d5 2.Nf3 Nf6 3.Bg2 e6 4.d3 Be7 5.O-O O-O 6.Nbd2 c5 7.e4 Nc6 8.Re1 b5
9.e5 Nd7 10.Nf1 b4 11.h4 a5 12.h5 Ba6 13.h6 g6 14.N1h2 a4 15.a3 bxa3 16.bxa3 Rb8
17.Ng4 Nd4 18.Nxd4 cxd4 19.Bd2 Qc7 20.Qf3 Rfc8 21.Qf4 Qd8 22.Qxd4 Rxc2 23.Bb4 Bxb4
24.axb4 Bb5 25.Bf3 Rbc8 26.Qf4 Bxd3 27.Rxa4 R2c4 28.Qd2 Bf5 29.Ne3 Nxe5 30.Bg2 Be4
31.Nxc4 Nxc4 32.Qa2 Bxg2 33.Kxg2 Qf8 34.Rh1 Nd6 35.Qb2 Nf5 36.b5 Nxh6 37.b6 Nf5
38.b7 Rb8 39.Rha1 Nd6 40.Ra8 Nxb7 41.Rxb8 Qxb8 42.Rb1 Qd8 43.Qxb7 Qg5 44.Qb8+ Kg7
45.Qb2+ e5 46.f4  1-0

[Event "TCh-BEL 2012-13"]
[Site "Belgium BEL"]
[Date "2012.12.16"]
[Round "6.5"]
[White "Mroczek,M"]
[Black "Gulbas,C"]
[Result "0-1"]
[WhiteElo "2102"]
[BlackElo "2396"]

1.Nf3 d5 2.g3 Nf6 3.Bg2 c6 4.O-O Bf5 5.b3 e6 6.d3 Bd6 7.Bb2 O-O 8.Nbd2 Nbd7
9.c4 Qe7 10.Qc2 h6 11.Rfe1 Bh7 12.e4 dxe4 13.dxe4 Rfe8 14.Qc3 e5 15.Nh4 Bb4
16.Qc2 Nc5 17.Bc3 Bxc3 18.Qxc3 Rad8 19.Nf5 Qc7 20.Qc2 Rd7 21.b4 Nd3 22.Reb1 Bxf5
23.exf5 e4 24.Rb3 Nxf2 25.Re3 Qd6 26.Kxf2 Ng4+ 27.Ke2 Qd3+  0-1

[Event "Malmo Open"]
[Site "Malmo SWE"]
[Date "2012.12.16"]
[Round "7"]
[White "Fries Nielsen,NJ"]
[Black "Hillarp Persson,T"]
[Result "1/2-1/2"]
[WhiteElo "2296"]
[BlackElo "2546"]

1.Nf3 d5 2.g3 Nf6 3.Bg2 e6 4.O-O b5 5.d3 Bb7 6.e4 dxe4 7.Ng5 Qc8 8.Nxe4 Nbd7
9.Nbc3 a6 10.Re1 Be7 11.Nxf6+ Nxf6 12.Ne4 O-O 13.Bg5 Nxe4 14.Bxe7 Re8 15.Bxe4 Rxe7
16.Qh5 h6 17.a4 b4 18.Qc5 Rd7 19.Qxb4 Rb8 20.Bxb7 Rxb7 21.Qc3 Rb6 22.Re4 Qb7
23.b3 Rc6 24.Rc4 Rxc4 25.Qxc4 Rd5 26.Qe4 Qb6 27.Re1 c5 28.Kg2 g5 29.h4 Kg7
30.hxg5 hxg5 31.Rh1 Qd6 32.Re1 Kf6 33.f4 Kg7 34.Rf1 Rf5 35.Rf2 gxf4 36.Rxf4 Rg5
37.Rg4 Rxg4 38.Qxg4+ Kf8 39.Qf4 Qd5+ 40.Qe4 Qg5 41.Qf4 Qd5+ 42.Qe4 Qg5 43.Qf4 Qd5+
44.Qe4 Qg5  1/2-1/2

[Event "Amplico ch-EUR Rapid"]
[Site "Warsaw POL"]
[Date "2012.12.16"]
[Round "8.37"]
[White "Markowski,T"]
[Black "Berzina,I"]
[Result "1-0"]
[WhiteElo "2558"]
[BlackElo "2292"]

1.g3 d5 2.Nf3 Bg4 3.Bg2 Nd7 4.O-O c6 5.d3 Ngf6 6.c4 e6 7.cxd5 exd5 8.Nc3 Be7
9.Qc2 O-O 10.e4 Nc5 11.Ne5 Bh5 12.h3 dxe4 13.dxe4 Qd4 14.Bf4 g5 15.Nf3 Bxf3
16.Be3 Qd3 17.Qxd3 Nxd3 18.Bxf3 h6 19.Be2 Rfd8 20.Rfd1 Nc5 21.f3 b6 22.Kf2 Ne6
23.Bc4 Bc5 24.Ne2 Bxe3+ 25.Kxe3 Kf8 26.Bxe6 fxe6 27.Nd4 Kf7 28.Nxc6 Rdc8
29.Rac1 Kg7 30.Nd4 Kf7 31.Nc6 Kg7 32.Rc3 Rc7 33.Rd6 Re8 34.Ra3 a5 35.Rad3 e5
36.Rc3 Nd7 37.Nxa5 Rxc3+ 38.bxc3 Nc5 39.Rxb6 Rd8 40.Nc4 Rd3+ 41.Ke2 Rxc3
42.Nxe5 Rc2+ 43.Ke3 Rxa2 44.Rg6+ Kh7 45.Rc6 Na6 46.Ng4 Ra3+ 47.Ke2 Ra2+ 48.Kd1 Nb4
49.Rxh6+ Kg7 50.Rd6 Rg2 51.Ne3  1-0

[Event "Amplico ch-EUR Rapid"]
[Site "Warsaw POL"]
[Date "2012.12.16"]
[Round "9.22"]
[White "Zawadzki,S"]
[Black "Dziuba,M"]
[Result "0-1"]
[WhiteElo "2432"]
[BlackElo "2602"]

1.Nf3 d5 2.g3 c6 3.Bg2 Bg4 4.O-O Nd7 5.d3 Ngf6 6.b3 e5 7.Bb2 Bd6 8.Nbd2 O-O
9.e4 Re8 10.h3 Bh5 11.a4 a5 12.c3 Qc7 13.Qc2 dxe4 14.dxe4 b5 15.Rfe1 Bc5
16.Nf1 Nb6 17.axb5 cxb5 18.Ne3 a4 19.bxa4 bxa4 20.Ba3 Red8 21.Bxc5 Qxc5 22.Reb1 Rdc8
23.Nd2 Nfd7 24.c4 Ra7 25.Bf1 Bg6 26.Qc3 Qc7 27.f3 f6 28.Rb5 Bf7 29.Qb4 Qd8
30.c5 Na8 31.Ndc4 Nc7 32.Nd6 Nxb5 33.Nxc8 Qxc8 34.Bxb5 Qxc5 35.Qxc5 Nxc5
36.Kf2 g6 37.Bc4 Rb7 38.Nd5 Kg7 39.Ke3 Rb2 40.Ra2 Rxa2 41.Bxa2 f5 42.exf5 gxf5
43.f4 exf4+ 44.Kxf4 Nd3+ 45.Kxf5 Nc1 46.Bc4 a3 47.Ke5 Bxd5 48.Bxd5 a2 49.Bxa2 Nxa2
50.g4 Kg6 51.Kf4 Nc3 52.h4 Kf6 53.g5+ Kf7 54.h5 Ke6 55.Kg4 Nd5 56.Kg3 Kf5
57.g6 h6 58.Kh4 Nf6  0-1

[Event "SportAccord Blitz Men 2012"]
[Site "Beijing CHN"]
[Date "2012.12.17"]
[Round "13.7"]
[White "Nakamura,Hi"]
[Black "Fressinet,L"]
[Result "1-0"]
[WhiteElo "2760"]
[BlackElo "2700"]

1.Nf3 d5 2.g3 c6 3.Bg2 Bg4 4.d3 Nd7 5.O-O e6 6.Nbd2 Bd6 7.e4 Ne7 8.h3 Bh5
9.d4 O-O 10.c3 a5 11.a4 Qb6 12.Re1 Rad8 13.Qc2 c5 14.exd5 exd5 15.Nb3 Nc6
16.Be3 c4 17.Nbd2 Qc7 18.b3 cxb3 19.Qxb3 Nf6 20.Bg5 Be7 21.Rab1 Rb8 22.Nh4 Qd7
23.Bxf6 Bxf6 24.Qxd5 Qxd5 25.Bxd5 Rfc8 26.Nf5 Bg6 27.Be4 Rc7 28.Nd6 Na7 29.Rb3 Be7
30.Nf5 Bf8 31.Ne3 b5 32.Bxg6 hxg6 33.Reb1 b4 34.c4 Nc6 35.Nf3 Rd8 36.Rd1 Re7
37.Rbd3 Re4 38.c5 Nb8 39.Ng5 Re7 40.d5 Re5 41.Nf3 Rxe3 42.fxe3 Bxc5 43.Ne5 Re8
44.Nc4 Nd7 45.Nxa5 Ra8 46.Nb3 Rxa4 47.Nxc5 Nxc5 48.Rd4 Kf8 49.Rc4 Nd7 50.d6 f6
51.Rc7 Ke8 52.Rd4 Ra1+ 53.Kf2 b3 54.Rb7 Ra2+ 55.Ke1 b2 56.Kd1 Ne5 57.Kc2 Nc6
58.Rh4  1-0

[Event "SportAccord Blitz Men 2012"]
[Site "Beijing CHN"]
[Date "2012.12.17"]
[Round "14.6"]
[White "Grischuk,A"]
[Black "Wang Hao"]
[Result "1-0"]
[WhiteElo "2764"]
[BlackElo "2737"]

1.g3 d5 2.Nf3 Nf6 3.Bg2 g6 4.c4 c6 5.Qa4 Bg7 6.cxd5 Nxd5 7.O-O O-O 8.Nc3 Nd7
9.Rd1 N7b6 10.Qc2 Nb4 11.Qb1 a5 12.d4 N4d5 13.e4 Nxc3 14.bxc3 Nc4 15.a4 e5
16.Qb3 b5 17.axb5 cxb5 18.Qxb5 Ba6 19.Qa4 Qb6 20.Nxe5 Nxe5 21.dxe5 Bxe5 22.Be3 Qe6
23.Qxa5 Rfc8 24.Bd4 Be2 25.Qxe5  1-0

[Event "SportAccord Blindfold Women 2012"]
[Site "Beijing CHN"]
[Date "2012.12.18"]
[Round "1.8"]
[White "Harika,D"]
[Black "Khotenashvili,B"]
[Result "1/2-1/2"]
[WhiteElo "2512"]
[BlackElo "2504"]

1.Nf3 d5 2.g3 Nf6 3.Bg2 c5 4.O-O Nc6 5.c4 d4 6.d3 g6 7.e3 Bg7 8.exd4 cxd4
9.Re1 O-O 10.a3 a5 11.Nbd2 Bf5 12.Qe2 Rb8 13.h3 a4 14.Ng5 h6 15.Nge4 Nxe4
16.Nxe4 b5 17.cxb5 Rxb5 18.Qc2 Ne5 19.f4 Nd7 20.Qxa4 Qb6 21.b4 Nf6 22.Nc5 Rxc5
23.bxc5 Qxc5 24.Qb3 Qd6 25.Bd2 Rb8 26.Bb4 Be6 27.Bxd6 Rxb3 28.Bxe7 Rxd3 29.g4 h5
30.f5 gxf5 31.gxf5 Bb3 32.a4 Nd5 33.a5 Nf4 34.Be4 Rg3+ 35.Kf2 h4 36.Bxh4 Rxh3
37.Bg5 Be5 38.Rh1 Re3 39.Bxf4 Bxf4 40.f6 Bg3+ 41.Kg2 Be5 42.a6 Rxe4 43.a7 Rg4+
44.Kh3 Rg3+ 45.Kh4 Rg6 46.a8=Q+ Kh7 47.Qf3 Bxf6+ 48.Qxf6 Rxf6 49.Kg5+ Kg7
50.Rh7+ Kxh7 51.Kxf6 d3 52.Rh1+ Kg8 53.Rh2 Bc2 54.Rg2+ Kf8 55.Rf2 Ke8 56.Rd2 Kf8
57.Rf2 Ke8 58.Rh2 Kd7 59.Kxf7 Kd6 60.Kf6 Kd5 61.Rh8 Kd4 62.Rd8+ Ke3 63.Rxd3+  1/2-1/2

[Event "19th Zadar Open A"]
[Site "Zadar CRO"]
[Date "2012.12.19"]
[Round "5.6"]
[White "Dizdarevic,E"]
[Black "Kuljasevic,D"]
[Result "1/2-1/2"]
[WhiteElo "2502"]
[BlackElo "2561"]

1.Nf3 d5 2.g3 c6 3.Bg2 Nf6 4.O-O Bg4 5.d3 Nbd7 6.c4 e6 7.cxd5 exd5 8.h3 Bxf3
9.exf3 Be7 10.f4 O-O 11.Nd2 Re8 12.Nf3 Bf8 13.Be3 Bc5 14.d4 Bb6 15.Ne5 Ne4
16.Qf3 Nd6 17.h4 f6 18.Ng4 Nf5 19.Rad1 Nf8 20.Rd3 Ne6 21.Rfd1 Nc7 22.Nh2 Nb5
23.h5 Qe7 24.Qg4 Nbd6 25.Nf1 Qf7 26.Bc1 g6 27.Bf3 Ng7 28.hxg6 hxg6 29.Qh3 Ne6
30.Ne3 f5 31.Qf1 Kg7 32.Nc2 Qf6 33.Bg2 Rh8 34.Qe2 Ne4 35.Be3 Rae8 36.Ne1 g5
37.fxg5 N4xg5 38.Nf3 f4 39.Nxg5 Qxg5 40.gxf4 Nxf4 41.Bxf4 Qxf4 42.Qc2 Rh4
43.Bh3 Kh8 44.Qc3 Rg8+ 45.Kf1 Qh2 46.Ke2 Re8+ 47.Kd2 Qxf2+ 48.Kc1 Qf6 49.Kb1 Ree4
50.Rf3 Ref4 51.Rxf4 Rxf4 52.Bc8 Bxd4 53.Rh1+ Rh4 54.Rxh4+ Qxh4 55.Qh3 Qxh3
56.Bxh3 Be5 57.Bc8 c5 58.Bxb7 d4  1/2-1/2

[Event "World Cities Team GpB"]
[Site "Al-Ain UAE"]
[Date "2012.12.22"]
[Round "1.8"]
[White "Skoberne,J"]
[Black "Shaposhnikov,E"]
[Result "0-1"]
[WhiteElo "2549"]
[BlackElo "2544"]

1.Nf3 d5 2.g3 c6 3.Bg2 Bg4 4.c4 e6 5.O-O Nd7 6.cxd5 exd5 7.d3 Ngf6 8.Nc3 Bc5
9.Qb3 Bb6 10.Na4 O-O 11.Nxb6 axb6 12.h3 Bxf3 13.Bxf3 Re8 14.Re1 b5 15.Bg2 d4
16.Bd2 Qb6 17.Qc2 Re6 18.b4 Rae8 19.Kf1 Qd8 20.a4 bxa4 21.Rxa4 Qe7 22.Bg5 h6
23.Bxf6 Rxf6 24.Kg1 Nb6 25.Ra2 Rf5 26.Qb2 Qf6 27.Rf1 Nd5 28.Bxd5 Rxd5 29.Ra5 Ree5
30.Rxd5 Rxd5 31.Kg2 Rb5 32.Rc1 Qd6 33.Rc4 c5 34.Qa1 Qd5+ 35.Kg1 Rxb4 36.Qc1 Rxc4
37.dxc4 Qe6  0-1

[Event "Groningen Open A"]
[Site "Groningen NED"]
[Date "2012.12.22"]
[Round "2.9"]
[White "Hausrath,D"]
[Black "Schiffer,KU"]
[Result "1-0"]
[WhiteElo "2483"]
[BlackElo "2300"]

1.Nf3 d5 2.g3 Nf6 3.Bg2 e6 4.d4 b5 5.a4 b4 6.c4 bxc3 7.Nxc3 Nbd7 8.Bf4 c6
9.a5 Ba6 10.Qa4 Qc8 11.O-O Nh5 12.Bd2 Rb8 13.Qc2 Qb7 14.Rfc1 Qb3 15.Ne5 Qxc2
16.Rxc2 Nxe5 17.dxe5 g6 18.g4 Ng7 19.Be3 Rb7 20.Na4 Bb5 21.Nc3 Ba6 22.Ne4 Bb5
23.Nf6+ Kd8 24.a6 Rc7 25.Bb6 Be7 26.Ra5 Bxf6 27.Bxc7+ Kxc7 28.exf6  1-0

[Event "World Cities Team GpF"]
[Site "Al-Ain UAE"]
[Date "2012.12.23"]
[Round "2.4"]
[White "Elgabry,M"]
[Black "Fang,Yuxiang"]
[Result "0-1"]
[WhiteElo "2365"]
[BlackElo "2103"]

1.Nf3 d5 2.g3 Nf6 3.Bg2 Bf5 4.O-O e6 5.d4 Nbd7 6.c4 c6 7.Nc3 dxc4 8.a4 a5
9.h3 Be7 10.Nh4 Bg6 11.Nxg6 hxg6 12.e4 O-O 13.Qe2 Nb6 14.Rd1 Qc7 15.Bf4 Qd7
16.g4 Bb4 17.Bf3 Qe7 18.Bg5 Qc7 19.Bh4 Nfd7 20.Bg3 Bd6 21.e5 Be7 22.Ne4 c5
23.Nd6 cxd4 24.Rxd4 Nc5 25.Rxc4 Nxc4 26.Qxc4 Qb6 27.Rc1 Nb3 28.Rd1 Qb4 29.Qc7 Bg5
30.Qxb7 Nd4 31.h4 Rab8 32.Qe4 Nxf3+ 33.Qxf3 Be7 34.Qc3 Qxa4 35.Re1 Qxg4 36.Qxa5 Rxb2
37.Qc3 Rfb8 38.Qc7 Rb1 39.Kg2 Bxd6 40.exd6 Rxe1 41.Qxb8+ Kh7 42.Qa7 Qe4+
43.f3 Re2+ 44.Bf2 Qd5 45.h5 gxh5 46.Qxf7 Qc5 47.Kh3 Rxf2 48.d7 Qe5 49.Qg8+ Kxg8
50.d8=Q+ Kh7 51.f4 Qf5+  0-1

[Event "World Cities Team GpE"]
[Site "Al-Ain UAE"]
[Date "2012.12.24"]
[Round "3.6"]
[White "Ehlvest,J"]
[Black "Fressinet,L"]
[Result "1/2-1/2"]
[WhiteElo "2603"]
[BlackElo "2700"]

1.Nf3 d5 2.g3 g6 3.Bg2 Bg7 4.c4 Nf6 5.O-O O-O 6.Na3 c6 7.d3 Bg4 8.Be3 Nbd7
9.Qb3 Qb8 10.cxd5 Nxd5 11.Bd2 Ne5 12.Nxe5 Qxe5 13.Nc4 Qc7 14.Rfe1 Rfd8 15.Rac1 Be6
16.Qa3 Qd7 17.Na5 c5 18.Nc4 b6 19.Ne3 Bh6 20.Nc4 Bxd2 21.Nxd2 Rac8 22.b3 Nb4
23.Qb2 Qd4 24.Qb1 Nc6 25.a3 Bd5 26.Bxd5 Qxd5 27.Nf3 e5 28.Qc2 f5 29.Red1 h6
30.b4 cxb4 31.axb4 Nd4 32.Qb2 Nxf3+ 33.exf3 Re8 34.Rxc8 Rxc8 35.Re1 Re8 36.f4 e4
37.b5 Kf7 38.dxe4 Rxe4 39.Rc1 Rc4 40.Ra1 Ra4 41.Rc1 Rc4  1/2-1/2

[Event "2nd Erfurter WGM"]
[Site "Erfurt GER"]
[Date "2012.12.26"]
[Round "1.2"]
[White "Michna,Mart"]
[Black "Levushkina,E"]
[Result "1/2-1/2"]
[WhiteElo "2383"]
[BlackElo "2288"]

1.Nf3 d5 2.g3 Bg4 3.Bg2 c6 4.O-O Nd7 5.d3 Ngf6 6.c4 e6 7.cxd5 cxd5 8.Nc3 Be7
9.h3 Bh5 10.e4 O-O 11.exd5 Nxd5 12.Nxd5 exd5 13.Be3 Bc5 14.Re1 Rc8 15.Bxc5 Rxc5
16.Qb3 Qc8 17.d4 Rc4 18.Ne5 Nxe5 19.Rxe5 Bg6 20.Rxd5 Rc1+ 21.Rxc1 Qxc1+ 22.Bf1 Qb1
23.Re5 h6 24.Qc3 Qxa2 25.h4 Qb1 26.h5 Bf5 27.Re1 Qc2 28.Qf3 Qd2 29.Re7 Be6
30.Qxb7 Qxd4 31.Qxa7 Qxb2 32.Qc5 Qb1 33.Qe5 Qf5 34.Qxf5 Bxf5 35.f3 Be6 36.Kf2 Rd8  1/2-1/2

[Event "Czech Christmas Open"]
[Site "Litomysl CZE"]
[Date "2012.12.26"]
[Round "1.11"]
[White "Goluch,P"]
[Black "Lewicki,Pawel"]
[Result "1-0"]
[WhiteElo "2253"]
[BlackElo "1934"]

1.Nf3 d5 2.g3 Nc6 3.d4 Bg4 4.Bg2 Qd7 5.c4 Nf6 6.cxd5 Nxd5 7.e4 Nb6 8.d5 O-O-O
9.Nc3 e6 10.dxc6 Qxc6 11.Qe2 Bb4 12.O-O a6 13.Bf4 Bxc3 14.bxc3 f6 15.h3 Bh5
16.g4 Bf7 17.Nd4 Qc4 18.Qxc4 Nxc4 19.Bc1 h5 20.g5 c5 21.Nc2 e5 22.Ne3 fxg5
23.Nf5 g4 24.hxg4 hxg4 25.Bg5 Rd7 26.Rfd1 Rhd8 27.Rxd7 Kxd7 28.Rd1+ Kc6 29.Bxd8 g6
30.Ne7+ Kb5 31.Bf1 Ka4 32.Nd5 Bxd5 33.exd5 Nd6 34.Bc7 Nf5 35.d6 Nh4 36.d7 Nf3+
37.Kg2 Nh4+ 38.Kg3 Nf5+ 39.Kxg4 c4  1-0

[Event "5th Marseille Open"]
[Site "Marseille FRA"]
[Date "2012.12.26"]
[Round "2.7"]
[White "Demuth,A"]
[Black "Pieri,P"]
[Result "1-0"]
[WhiteElo "2480"]
[BlackElo "2050"]

1.Nf3 d5 2.g3 Nf6 3.Bg2 c5 4.O-O Nc6 5.d4 e6 6.c4 dxc4 7.Qa4 Bd7 8.dxc5 Ne5
9.Qc2 Nxf3+ 10.Bxf3 Qc7 11.Qxc4 Bxc5 12.Be3 Rc8 13.Rc1 Qe5 14.Bxc5 b6 15.Qc3 Rxc5
16.Qxe5 Rxe5 17.Nd2 Ke7 18.Rc7 Rc5 19.Rxa7 Rc2 20.Rd1 Rhc8 21.b3 R8c7 22.Rxc7 Rxc7
23.Nc4 b5 24.Ne3 Bc6 25.Bxc6 Rxc6 26.f3 Ne8 27.Kf2 Nd6 28.Rd2 Kd7 29.Nc2 Ke7
30.Nb4 Rc7 31.Rc2 Rb7 32.e4 f6 33.Ke3 Ne8 34.Rc6 Rc7 35.Rxc7+ Nxc7 36.a4 Kd6
37.axb5 Nxb5 38.Kd3 Kc5 39.Nc2 Nd6 40.Nd4 e5 41.Ne6+ Kb4 42.Nxg7 Kxb3 43.Nf5 Nc4
44.Ne3 Nd6 45.Nd5 Ne8 46.g4 Kb2 47.h4 Kb3 48.g5 fxg5 49.hxg5 Ng7 50.Nf6 Ne6
51.Nxh7 Nf4+ 52.Ke3 Kc4 53.Nf8 Kc5 54.g6 Nh5 55.Nd7+ Kd6 56.Nb6 Ke6 57.Nd5 Kd6
58.Kf2 Ke6 59.Kg2 Nf6 60.Nxf6 Kxf6 61.Kg3 Kxg6 62.Kg4 Kf6 63.Kh5  1-0

[Event "3rd Arco Christmas"]
[Site "Arco ITA"]
[Date "2012.12.27"]
[Round "2.6"]
[White "Trauth,M"]
[Black "Perich,S"]
[Result "1/2-1/2"]
[WhiteElo "2155"]
[BlackElo "1870"]

1.g3 d5 2.Nf3 Bf5 3.c4 c6 4.cxd5 cxd5 5.Qb3 b6 6.Nc3 Nf6 7.Bg2 e6 8.d3 Be7
9.e4 dxe4 10.dxe4 Nxe4 11.Ne5 Qd4 12.Qb5+ Kf8 13.Be3 Nxc3 14.bxc3 Qxc3+ 15.Ke2 a6
16.Rhc1  1/2-1/2

[Event "CXU Obro New Year 2012"]
[Site "Copenhagen DEN"]
[Date "2012.12.27"]
[Round "1.10"]
[White "Larsen,Arne Walther"]
[Black "Rostgaard,T"]
[Result "0-1"]
[WhiteElo "1872"]
[BlackElo "2239"]

1.Nf3 d5 2.g3 Nf6 3.Bg2 c6 4.d3 Bf5 5.O-O e6 6.Nbd2 Be7 7.b3 O-O 8.Bb2 Nbd7
9.e3 a5 10.a4 h6 11.Qe2 Bh7 12.e4 Nc5 13.e5 Nfd7 14.Nd4 Na6 15.Kh1 Nb4 16.Rac1 Nc5
17.Ba1 Qd7 18.f4 b5 19.g4 bxa4 20.bxa4 Nxa4 21.f5 c5 22.N4b3 exf5 23.c3 Nc6
24.gxf5 Bxf5 25.Rxf5 Qxf5 26.Bxd5 Ra6 27.d4 Qd7 28.Be4 Rb6 29.Rg1 Bg5 30.Qg2 f5
31.Bc2 cxd4 32.cxd4 Nb4 33.Bb1 Nd5 34.Nc5 Nxc5 35.dxc5 Ne3 36.Ba2+ Kh8 37.Qe2 Qc6+
38.Nf3 Rb4 39.Rxg5 hxg5 40.Qxe3 g4 41.e6 Qxf3+ 42.Qxf3 gxf3 43.Be5 Re4 44.Bg3 f2  0-1

[Event "CXU Obro New Year 2012"]
[Site "Copenhagen DEN"]
[Date "2012.12.27"]
[Round "1.5"]
[White "Andreasen,P"]
[Black "Holst,Pet"]
[Result "1-0"]
[WhiteElo "2300"]
[BlackElo "1963"]

1.Nf3 d5 2.g3 Nf6 3.Bg2 c6 4.b3 Bf5 5.Bb2 e6 6.d3 h6 7.O-O Bc5 8.c4 O-O 9.Nbd2 Nbd7
10.Ne5 Nxe5 11.Bxe5 Ng4 12.Bb2 Qb6 13.Qe1 Bd4 14.Bxd4 Qxd4 15.Nf3 Qb6 16.h3 Nf6
17.Qc3 Rfe8 18.Rfc1 Rad8 19.b4 dxc4 20.Qxc4 e5 21.Qc5 Qxc5 22.Rxc5 Nd7 23.Ra5 a6
24.Rc1 Bg6 25.Nd2 f6 26.a4 Nb8 27.Rac5 Rd4 28.R5c4 Red8 29.Rxd4 Rxd4 30.Rc4 Rd8
31.Kf1 Bf7 32.Rc2 Rd4 33.Rb2 Kf8 34.h4 Be6 35.Bf3 Bd5 36.Bxd5 Rxd5 37.Nc4 Ke7
38.Ke1 Kd8 39.Ne3 Rd7 40.h5 Kc7 41.Rc2 Kd6 42.Nf5+ Ke6 43.e4 Kf7 44.Ke2 Ke6
45.Ke3 Rf7 46.f4 Rd7 47.Rd2 b6 48.d4 exd4+ 49.Rxd4 Rxd4 50.Kxd4 Kf7 51.a5 c5+
52.bxc5 Nc6+ 53.Kd5 Nb4+ 54.Kc4 bxa5 55.Nd4  1-0

[Event "22nd North American Open"]
[Site "Las Vegas USA"]
[Date "2012.12.27"]
[Round "3.17"]
[White "Mandiza,F"]
[Black "Betaneli,A"]
[Result "1-0"]
[WhiteElo "2415"]
[BlackElo "2243"]

1.g3 d5 2.Nf3 c6 3.Bg2 Nf6 4.O-O Bg4 5.d4 Nbd7 6.Nbd2 e6 7.Re1 Be7 8.e4 O-O
9.c3 dxe4 10.Nxe4 Nxe4 11.Rxe4 Bf5 12.Re1 Qb6 13.h3 Rfe8 14.Qe2 a5 15.a4 Bg6
16.Nd2 Qa6 17.Qf3 Rad8 18.Bf1 Qa7 19.Nc4 Nb6 20.Ne5 Nd7 21.Nxg6 hxg6 22.h4 c5
23.d5 exd5 24.Qxd5 Nf6 25.Qf3 b6 26.Bb5 Rf8 27.Bg5 Nd5 28.Re5 f6 29.Rxd5 fxg5
30.Rxd8 Rxd8 31.h5 Bf6 32.hxg6 Qe7 33.Bc4+ Kf8 34.Kf1 Re8 35.Qd5  1-0

[Event "Czech Christmas Open"]
[Site "Litomysl CZE"]
[Date "2012.12.28"]
[Round "3.3"]
[White "Sharashenidze,A"]
[Black "Szumilas,Pi"]
[Result "1-0"]
[WhiteElo "2351"]
[BlackElo "2204"]

1.Nf3 d5 2.g3 Nf6 3.Bg2 g6 4.O-O Bg7 5.d3 O-O 6.Nbd2 c6 7.c4 b6 8.Rb1 Bb7
9.b4 Nbd7 10.Bb2 Re8 11.Ne5 Nxe5 12.Bxe5 Qd7 13.Qc2 Rac8 14.c5 Qf5 15.Qb2 Nh5
16.Bxg7 Nxg7 17.a4 Rb8 18.Rfc1 Qd7 19.Qe5 f6 20.Qc3 e5 21.Nb3 Ne6 22.cxb6 axb6
23.a5 bxa5 24.bxa5 Qd6 25.e3 Ba8 26.d4 e4 27.Nc5 Ng5 28.Qc2 f5 29.h4 Nf3+
30.Bxf3 exf3 31.Qd1 Rxb1 32.Rxb1 Rxe3 33.Rb3 Re7 34.Qxf3 Qd8 35.a6 Kf7 36.Qf4 Qa5
37.Re3 Ra7 38.Qh6 Qa1+ 39.Kg2 Qxd4 40.Ne6 Qh8 41.Ng5+  1-0

[Event "Pan-Am Intercollegiate 2012"]
[Site "Princeton USA"]
[Date "2012.12.28"]
[Round "2"]
[White "Heimann,M"]
[Black "Robson,R"]
[Result "0-1"]
[WhiteElo "2337"]
[BlackElo "2615"]

1.g3 d5 2.Nf3 c6 3.Bg2 Bg4 4.O-O e6 5.d3 Bd6 6.e4 Ne7 7.h3 Bh5 8.b3 O-O 9.Bb2 Nd7
10.c4 a5 11.Nc3 d4 12.Ne2 e5 13.Ne1 Nc5 14.f4 f5 15.fxe5 Bxe5 16.Nf3 Bxf3
17.Rxf3 fxe4 18.Rxf8+ Qxf8 19.dxe4 Ng6 20.Qd2 d3 21.Bxe5 Nxe5 22.Nd4 g6 23.Qg5 Qd6
24.Nf5 Nf7 25.Nxd6 Nxg5 26.Kf2 Rd8 27.e5 Nf7 28.Ne4 Nxe4+ 29.Bxe4 Nxe5 30.Ke3 Kg7
31.Kf4 Kf6 32.Rd1 Re8 33.Ke3 Kg5 34.Kd4 h5 35.Ke3 Re7 36.Rf1 Nd7 37.Kd4 d2
38.Rd1 Nf6 39.Bd3 b6 40.Rxd2 c5+ 41.Kc3 Re3 42.Rg2 Ne4+ 43.Kc2 Nxg3 44.Kd2 Kf4
45.Bxg6 h4 46.Bd3 Kf3 47.Rg1 Kf2 48.Rd1 Re6 49.Bh7 Rd6+ 50.Bd3 Re6 51.Bh7 Rd6+
52.Bd3 Ne2 53.Kc2 Nf4 54.Rf1+ Kg3 55.Rg1+ Kh2 56.Rg4 Nxd3 57.Rxh4 Nb4+ 58.Kb2 Rd2+
59.Kb1 Rd1+ 60.Kb2 Rd2+ 61.Kb1 Nd3 62.Rh6 a4 63.bxa4 Rb2+ 64.Ka1 Rb4 65.Rd6 Ne5
66.a3 Rb3 67.Ka2 Rxh3 68.Rxb6 Nxc4 69.Rb5 Rxa3+ 70.Kb1 Rc3 71.Ka2 Ra3+ 72.Kb1 Rc3
73.Ka2 Rc2+ 74.Kb3 Ne3 75.a5 c4+ 76.Ka3 c3 77.Rc5 Rc1 78.Ka2 c2 79.a6 Rd1
80.a7 Rd8 81.Kb2 Kg3 82.Rb5 Ra8 83.Rb7 Kf2 84.Kc1 Ke2 85.Rd7 Rh8 86.Kb2 Rc8
87.Kc1 Rh8 88.Kb2 Rh5 89.Rc7 Rb5+ 90.Ka2 Ra5+ 91.Kb2 Ra6 92.Rb7 Kd3 93.Rd7+ Kc4
94.Rc7+ Kd4 95.Rd7+ Kc4 96.Rc7+ Kd4 97.Rd7+ Kc5 98.Re7 Rb6+ 99.Ka2 c1=N+  0-1

[Event "ALG-TUR Men 2012"]
[Site "Algiers ALG"]
[Date "2012.12.29"]
[Round "6.4"]
[White "Ouaret,Abdelouhab"]
[Black "Koksal,E"]
[Result "0-1"]
[WhiteElo "1807"]
[BlackElo "2205"]

1.Nf3 d5 2.g3 Bg4 3.Bg2 Nd7 4.c4 c6 5.cxd5 cxd5 6.Qb3 Qc7 7.Nc3 e6 8.d4 a6
9.O-O Ngf6 10.Bf4 Bd6 11.Bxd6 Qxd6 12.Ne5 Nxe5 13.dxe5 Qxe5 14.Qxb7 O-O 15.e3 Qd6
16.Qb3 Rab8 17.Qc2 Bf5 18.Qd2 Qb4 19.b3 Ng4 20.Rfd1 Ne5 21.Qd4 Qxd4 22.exd4 Nc6
23.Rac1 Nb4 24.Bf1 Rfc8 25.Na4 Rxc1 26.Rxc1 Nxa2 27.Ra1 Nb4 28.Nc5 Nc2 29.Rd1 a5
30.h3 Rb4 31.g4 Bg6 32.Rc1 h6 33.Nd3 Rxb3 34.Rxc2 Bxd3 35.Bxd3 Rxd3 36.Ra2 Rxd4
37.Rxa5 Kh7 38.Kg2 Kg6 39.Ra3 e5 40.Kg3 f6 41.Ra7 Rd3+ 42.Kg2 d4 43.h4 Rd2
44.h5+ Kh7 45.Kf3 Rd1 46.Rd7 Re1 47.Rd5 e4+ 48.Kg2 d3 49.f3 Re2+ 50.Kg3 Rd2
51.fxe4 Rd1 52.Kf2 d2 53.Rd8 g5 54.Rd6 Kg7 55.Rd7+ Kg8 56.Rd6 Kf7 57.Ke2 Rg1
58.Kxd2 Rxg4 59.e5 Rf4 60.Ke3 Rf5 61.e6+ Ke7 62.Rd7+ Kxe6 63.Rh7 Re5+ 64.Kf3 Kf5
65.Rxh6 g4+ 66.Kg2 Re2+ 67.Kg3 Re3+ 68.Kf2 Rh3 69.Kg2 Ke5 70.Rh8 f5 71.h6 Kf6
72.Kg1 Kg6 73.Rg8+ Kxh6 74.Kg2 Ra3 75.Kf2 Kh5 76.Kg2 Kh4 77.Rh8+ Kg5 78.Rb8 Re3
79.Kf2 Kf4 80.Rb4+ Re4 81.Rb5 g3+ 82.Kg2 Re2+ 83.Kf1 Rf2+ 84.Kg1 Kg4 85.Rb8 f4
86.Rb7 Ra2  0-1

[Event "XXIII Krakow Open"]
[Site "Krakow POL"]
[Date "2012.12.29"]
[Round "3.11"]
[White "Brodowski,P"]
[Black "Matuszewski,Mi"]
[Result "1-0"]
[WhiteElo "2422"]
[BlackElo "2375"]

1.Nf3 d5 2.g3 Nf6 3.Bg2 e6 4.O-O b5 5.d3 Bb7 6.Nbd2 Be7 7.e4 O-O 8.e5 Nfd7
9.Re1 c5 10.c3 Nc6 11.Qe2 Qc7 12.h4 Rfd8 13.Nf1 d4 14.a4 dxc3 15.bxc3 b4
16.Bb2 Rab8 17.c4 Na5 18.N1d2 Nb6 19.Ne4 Bxe4 20.Qxe4 Qd7 21.Bf1 Nxa4 22.Rxa4 Qxa4
23.Ra1 Qc2 24.Rxa5 Qxb2 25.Rxa7 Re8 26.d4 cxd4 27.Bd3 g6 28.Qf4 Qc3 29.Ng5 Rf8
30.Rxe7 Qxd3 31.Nxf7 Rbe8 32.Qf6  1-0

[Event "Piterenka Blitz 2012"]
[Site "Moscow RUS"]
[Date "2012.12.29"]
[Round "1"]
[White "Grischuk,A"]
[Black "Jakovenko,D"]
[Result "1-0"]
[WhiteElo "2764"]
[BlackElo "2741"]

1.Nf3 d5 2.g3 c6 3.c4 Bg4 4.Qb3 Qb6 5.Ne5 Be6 6.d3 g6 7.Nc3 Bg7 8.f4 dxc4
9.Nxc4 Qc7 10.Qc2 Nd7 11.Bg2 Bxc4 12.dxc4 e5 13.f5 Ne7 14.g4 O-O-O 15.Be3 Kb8
16.O-O-O h5 17.fxg6 Nxg6 18.gxh5 Nf4 19.Bf3 Bh6 20.Kb1 Nf6 21.Qa4 a6 22.Qb3 Rxd1+
23.Rxd1 Ne6 24.Bb6 Qc8 25.Ne4 Nxe4 26.Bxe4 Nd4 27.Bxd4 exd4 28.Rf1 Qc7 29.Rf6 Ka7
30.Qf3 Qxh2 31.a3 Qg1+ 32.Ka2 Qe3 33.Bxc6 Rh7  1-0

[Event "Piterenka Rapid 2012"]
[Site "Moscow RUS"]
[Date "2012.12.29"]
[Round "2"]
[White "Karjakin,Sergey"]
[Black "Jakovenko,D"]
[Result "1-0"]
[WhiteElo "2775"]
[BlackElo "2741"]

1.Nf3 d5 2.g3 c6 3.Bg2 Bf5 4.O-O e6 5.d3 Nf6 6.Nh4 Bg6 7.Nxg6 hxg6 8.Nd2 Nbd7
9.e4 Qc7 10.Qe2 Be7 11.f4 dxe4 12.dxe4 e5 13.Nc4 O-O-O 14.Be3 Nh5 15.a4 exf4
16.Rxf4 Ne5 17.Nxe5 Qxe5 18.Rxf7 Bc5 19.Bxc5 Qxc5+ 20.Qf2 Qxf2+ 21.Rxf2 Nf6
22.e5 Ng4 23.Re2 Nxh2 24.Be4 Rd4 25.c3 Rc4 26.b3 Rxc3 27.Rxh2 Rxg3+ 28.Kf2 Rxh2+
29.Kxg3 Rb2 30.Rd1  1-0

[Event "Piterenka Blitz 2012"]
[Site "Moscow RUS"]
[Date "2012.12.29"]
[Round "2"]
[White "Karjakin,Sergey"]
[Black "Jakovenko,D"]
[Result "1-0"]
[WhiteElo "2775"]
[BlackElo "2741"]

1.Nf3 d5 2.g3 c6 3.Bg2 Bg4 4.c4 e6 5.cxd5 Bxf3 6.Bxf3 cxd5 7.O-O Nc6 8.d4 Nf6
9.e3 Be7 10.Nc3 O-O 11.Bd2 a6 12.Rc1 Ne8 13.Na4 Nd6 14.b3 Ne4 15.Be1 f5 16.Nb2 Rc8
17.Nd3 Bd6 18.b4 Qe7 19.Rb1 Nb8 20.a4 b6 21.a5 bxa5 22.bxa5 Nd7 23.Be2 Rb8
24.f3 Nef6 25.Bd2 g5 26.Nf2 f4 27.exf4 gxf4 28.g4 h5 29.g5 Ne8 30.h4 Ng7
31.Bd3 Bb4 32.Qe1  1-0